000 00724nam a2200253Ia 4500
003 GCL
008 140319s9999 xx 000 0 ara d
040 _aGCL /
_cGCL
082 0 4 _aق
_b930.1
_bع د
100 1 _aعبدالهادى حماده
245 1 0 _aدليل اثار الاقصر /
_cعبدالهادى حماده
260 _a[S.N] :
_bلا يوجد ،
_c1942
300 _a215 ص ؛
_c19 سم
490 _a
650 0 4 _aالمقابر
650 0 4 _aالحضارة الفرعونية
650 0 4 _aالاثار الفرعونية
650 0 4 _aالمعابد
650 0 4 _aالاقصر
650 0 4 _aوادى الملوك
650 0 4 _aالكرنك
650 0 4 _aالقرنة
942 _2ddc
_cBK
999 _c36869
_d36869